000
00256nam a22001097a 4500
041
_a
ENG
245
_a
Method For Estimation Of Pantothenic Acid In Foodstuffs
260
_a
New Delhi
_b
ISI
_c
ISI
300
_a
10
650
_a
BIS Code
856
_u
BIS Code
999
_c
2115
_d
2115